| 000 -LEADER |
| fixed length control field |
00753pam a2200229 a 4500 |
| 020 ## - INTERNATIONAL STANDARD BOOK NUMBER |
| ISBN |
0803996667 (U.S.) |
| 020 ## - INTERNATIONAL STANDARD BOOK NUMBER |
| ISBN |
8170362210 (India) |
| 040 ## - CATALOGING SOURCE |
| Transcribing agency |
DLC |
| 082 00 - DEWEY DECIMAL CLASSIFICATION NUMBER |
| Classification number |
350 SAG 1991 A070 Or. |
| 100 1# - MAIN ENTRY--AUTHOR NAME |
| Personal name |
Uphoff, Norman Thomas. |
| 245 10 - TITLE STATEMENT |
| Title |
Managing irrigation : |
| Remainder of title |
analyzing and improving the performance of bureaucracies / |
| 260 ## - PUBLICATION, DISTRIBUTION, ETC. (IMPRINT) |
| Place of publication |
New Delhi ; |
| -- |
Newbury Park : |
| Name of publisher |
Sage Publications, |
| Year of publication |
1991. |
| 300 ## - PHYSICAL DESCRIPTION |
| Number of Pages |
263 p. : |
| Other physical details |
ill. ; |
| Dimensions |
22 cm. |
| 650 #0 - SUBJECT ADDED ENTRY--TOPICAL TERM |
| Topical Term |
Irrigation |
| 650 #0 - SUBJECT ADDED ENTRY--TOPICAL TERM |
| Topical Term |
Irrigation |
| 650 #0 - SUBJECT ADDED ENTRY--TOPICAL TERM |
| Topical Term |
Bureaucracy |
| 700 1# - ADDED ENTRY--PERSONAL NAME |
| Personal name |
Ramamurthy, Priti. |
| 700 1# - ADDED ENTRY--PERSONAL NAME |
| Personal name |
Steiner, Roy. |
| 856 42 - ELECTRONIC LOCATION AND ACCESS |
| Uniform Resource Identifier |
http://www.loc.gov/catdir/enhancements/fy0657/90045565-d.html |
| 856 41 - ELECTRONIC LOCATION AND ACCESS |
| Uniform Resource Identifier |
http://www.loc.gov/catdir/enhancements/fy0657/90045565-t.html |
| 942 ## - ADDED ENTRY ELEMENTS (KOHA) |
| Koha item type |
សៀវភៅភាសាអង់គ្លេស |
| 952 ## - LOCATION AND ITEM INFORMATION (KOHA) |
| Withdrawn status [LOCAL, KOHA] |
0 |